01272nam a2200313 a 4500001001000000003000500010005001700015008004100032010001100073011001100084040000900095090001000104100004000114245010100154260004100255500006000296502007000356590004000426590004000466650004200506650003200548856007000580901000700650942001000657942000600667999001900673952013100692952013500823000113953CHAP20220329144421.0171010s2017 mx sm |||||||spa d a110414 a111386 cCHAP aTesis1 aRíos Padilla, José Juan912893510aCallogénesis in vitro en amaranto (Amaranthus spp).h[En línea]cJosé Juan Ríos Padilla. aChapingo, Méx. :bEl autor,c2017. aPara ver el contenido del material haga clic en la liga aTesis (M. C. en Horticultura) -- UACH. Departamento de Fitotecnia aE6337LMJb05c20171010lUCH01h1259 aE6337LMJb05c20171010lUCH01h125914aAmarantoxCultivo de tejidos.913373614aAmarantoxGenética.95126 aFinding aiduhttp://10.13.5.2/tesis/sist113953.pdfzTeclea aquí aBK cTESIS n0 c110414d110414 00104054718TESISaBCbBCd2017-10-10fTESISl0oTesisp113954-10r2019-12-31 00:00:00w2019-12-31yTESISzRecien adquirido 00102local4053708TESISaBCbBCcPA_TESISd2017-10-10fTESISl0oTesisp113954-20r2019-12-31 00:00:00tc.2w2019-12-31yTESIS